| 000 | 00874pam a2200265 a 4500 | ||
|---|---|---|---|
| 008 | |||
| 020 | _a0683061410 (pbk.) | ||
| 049 | _aMAIN | ||
| 090 | 0 |
_aQM23.2 _bMOO |
|
| 100 | 1 | _aMoore, Keith L. | |
| 245 | 1 | 0 |
_aClinically oriented anatomy / _cKeith L. Moore, Arthur F. Dalley II ; with the developmental assistance and dedication of Lisa S. Donohoe, Marion E. Moore. |
| 250 | _a4th ed. | ||
| 260 |
_aPhiladelphia : _bLippincott Williams & Wilkins, _cc1999. |
||
| 300 |
_axxxi, 1167 p. : _bill. (some col.) ; _c28 cm. |
||
| 500 | _aIncludes index. | ||
| 504 | _aIncludes bibliographical references. | ||
| 650 | 0 | _aHuman anatomy. | |
| 650 | 1 | 2 | _aAnatomy. |
| 700 | 1 | _aDalley, Arthur F. | |
| 907 |
_a.b10220549 _b03-09-15 _c23-11-06 |
||
| 003 | |||
| 005 | 20230120203934.0 | ||
| 040 | _cNUST | ||
| 942 |
_cBOOKS _kQM23.2 _mMOO |
||
| 999 |
_c114225 _d114225 |
||